| 000 | 00743nam a22002177a 4500 | ||
|---|---|---|---|
| 005 | 20240913123051.0 | ||
| 008 | 221215b ||||| |||| 00| 0 eng d | ||
| 020 | _a9788195680726 | ||
| 040 | _cAL | ||
| 041 | _aKonkani | ||
| 082 |
_223 _a891.468 _bMIRK |
||
| 100 |
_aMoli Miranda ಮೊಲಿ ಮಿರಾಂದ _9179110 |
||
| 245 |
_aKontrelantlem : B M Rohini atmakatha _bಕಂತ್ರೆಲಾಂತ್ಲೆಂ: ಬಿ ಎಂ ರೋಹಿಣಿ ಆತ್ಮ್ ಕತಾ |
||
| 260 |
_aMangaluru _bSt Aloysius Prakashana _c2022 |
||
| 300 |
_a332 p. _bPB _c21x13 cm. |
||
| 365 |
_c₹ _d₹350.00 |
||
| 650 |
_aBiography _966076 |
||
| 650 |
_aNagandigeyolagininda _9179111 |
||
| 700 |
_aMIRANDA (Moli) _966077 |
||
| 942 |
_2ddc _cDB |
||
| 999 |
_c225762 _d225762 |
||